Normal view
MARC view
Entry Personal Name
001 - CONTROL NUMBER
- control field: 631350
003 - CONTROL NUMBER IDENTIFIER
- control field: OSt
005 - DATE AND TIME OF LATEST TRANSACTION
- control field: 20221005122010.0
008 - FIXED-LENGTH DATA ELEMENTS
- fixed length control field: 221005|| aca||aabn | a|a d
040 ## - CATALOGING SOURCE
- Original cataloging agency: OSt
- Transcribing agency: OSt
100 ## - HEADING--PERSONAL NAME
- Personal name: Indian National Congress 19 Madras 1903
670 ## - SOURCE DATA FOUND
- Source citation: Work cat.: (OSt)1042953: Indian National Congress 19 Madras 1903 631349, Indian National Congress, 1903 , 1903
